Albums studios de Jacques Dutronc - Statistiques

Statistiques générales
  • Ce quiz a été pris 2 fois
  • Le résultat moyen est 5 sur 13
Statistiques - réponses
Année Album % Correct
1966 Jacques Dutronc
100%
1995 Brèves Rencontres
50%
2022 Dutronc & Dutronc
50%
1980 Guerre et Pets
50%
1971 Jacques Dutronc
50%
1972 Jacques Dutronc
50%
1975 Jacques Dutronc
50%
1970 L'Aventurier
50%
1982 C'est pas du bronze
0%
1987 CQFD…utronc
0%
1968 Il est cinq heures
0%
1969 L'Opportuniste
0%
2003 Madame l'existence
0%
Aucun quiz correspondant
Distribution des résultats
% des personnes avec chaque résultat
Percentile par nombre de réponses
Votre historique - résultats
Vous n’avez pas pris ce quiz